Elektrina zo slnka

Bibliographic Details
Main Authors: Ružinský, Milan (Author), Baratka, Stanislav (Author)
Format: Article
Language:Slovak
Subjects:

MARC

LEADER 00000nab a2200000 a 4500
001 vtls000436693
003 SK-MaSNL
005 20260302233525.0
008 120925c1991 xo 0 slo
015 |a SNBRB19rr/mm-uuuuu 
035 |a CL0436821 
040 |a SNKBUCL  |b slo  |c SNKBUCL  |e AACR2 
041 0 |a slo 
044 |a xo  |c SK 
080 |a 621.383.5:621.311.2  |2 1981 
080 |a 621.311.2  |2 1981 
080 |a 523.9  |2 1981 
080 |a 620.91  |2 1981 
080 |a 535.215  |2 1981 
100 1 |a Ružinský, Milan  |4 aut  |9 967453 
245 1 0 |a Elektrina zo slnka  |c Milan Ružinský, Stanislav Baratka 
650 0 7 |a fotovoltika  |2 snkbucl  |9 18529 
650 0 7 |a zariadenia fotovoltické  |2 snkbucl  |9 967454 
655 7 |a články z novín a časopisov  |2 snkbucl  |9 267496 
700 1 |a Baratka, Stanislav  |4 aut  |9 936280 
773 0 |t Technické noviny  |g Roč. 39, č. 30 (1991), s. 12 
850 |a Slovenská národná knižnica v Martine  |a MTA001 
852 |a SNK  |b KIS3GCP 
958 |a RK 
992 |a RBX 
999 |c 1546821  |d 1548751